书目信息 |
| 书名: | Principles of physics | |
| 作者: | ||
| 分册号: | ||
| 分册名: | 出版地: | London : |
|
| 出版社: | Hart-Davis Educational | |
| 出版时间: | 1977. | |
| 页数: | 685 p. : | |
| 开本: | 24cm | |
| 丛书名: | ||
| 中图分类号: | ||
| 科图分类号: | ||
| 其他分类号: | O4:H31 | |
| 主题词: | ||
| 电子资源: | ||
| 000 | 00473nam 2200181 a 4500 | |
| 001 | E0733920628 | |
| 005 | 20070506151346.90 | |
| 008 | @1@1 uu | |
| 040 | @aNLC | |
| 049 | @aN5LA | |
| 090 | @aO4:H31 | |
| 099 | @dO4:H31@ex103 | |
| 100 | 1 | @aNelkon, M. |
| 245 | 10 | @aPrinciples of physics. |
| 250 | @a6th ed. | |
| 260 | @aLondon :@bHart-Davis Educational,@c1977. | |
| 300 | @a685 p. :@b00 ;@c24cm@lNLC09@h2245@lNLC09@h2248@lNLC09@h1839 | |
| 852 | 9 | @bWWJC @cJ08S @k2 @hO4 @iNMP/1977 |
| Principles of physics.-6th ed.-London : : Hart-Davis Educational, , 1977. |
| 685 p. : : 00 ; ; 24cm |
| ISBN |
| ● |
| 相关链接 |
|
|
|
|
正题名:Principles of physics
索取号:O4:H31/x103
 
预约/预借
| 序号 | 登录号 | 条形码 | 馆藏地/架位号 | 状态 | 备注 |
| 1 | 46219 | 000452110 | 第四借阅区/ [索取号:O4:H31/x103] | 在馆 | |
| 2 | 46220 | 000452156 | 第二样本阅览室/ [索取号:O4:H31/x103] | 在馆 |